00819nam a22001577a 4500008004100000020001500041050002600056245028700082260004500369300002300414440004600437700002100483942001200504999001600516952012900532140904b xxu||||| |||| 00| 0 eng d a040685159x aKD288.A64(1950 vol 1) aThe All England Law Reports, (1950 vol 1): Incorporating the Law Times Reports and the Law Journal Reports of Cases Decided in the House of Lords, the Privy Council, the Court of Appeal, all Divisions of the High Court and Courts of Special Jurisdiction. /cedited by G.F.L.Bridgman aLondon:bButterworth and Co. Ltd.c1950. axiii,1108p.:c24cm pThe All England Law Reports, 1950vVol 1. aBridgman, G.F.L. 2lcccBK c4159d11659 00102lcc4070aWIUC-1bWIUC-1cLLd2014-09-04l0oKD288.A64(1950 vol 1)p2118/1115/14r2014-09-04 00:00:00w2014-09-04yBK